| 000 | 01106nam a2200301 i 4500 | ||
|---|---|---|---|
| 001 | bg | ||
| 003 | BPK | ||
| 005 | 20220527123130.0 | ||
| 008 | 040607s2004 pl a |001 0 pol | ||
| 015 | _aPB 2004/11244 | ||
| 020 | _a8302088471 | ||
| 040 |
_aWA N _cBPK |
||
| 041 | 0 | _apol | |
| 080 | _a339.923(4-67)"1989/..." | ||
| 080 | _a(03) | ||
| 245 | 0 | 0 |
_aEncyklopedia Unii Europejskiej / _c[pod red. Konstantego Adama Wojtaszczyka ; aut. Włodzimierz Anioł et al.]. |
| 260 |
_aWarszawa : _bWydawnictwa Szkolne i Pedagogiczne, _ccop. 2004. |
||
| 300 |
_a534, [2] s., [1] k. tabl. złoż. kolor. : _bfot., mapy, portr., tab. ; _c25 cm. |
||
| 500 | _aNa s. red. podtyt.: praca zbiorowa. | ||
| 504 | _aIndeks. | ||
| 655 | 4 | _aEncyklopedia | |
| 610 | 2 | 4 | _aUnia Europejska |
| 710 | 2 |
_aWydawnictwa Szkolne i Pedagogiczne. _4pbl. |
|
| 700 | 1 |
_aAnioł, Włodzimierz _d(1955- ) _eAutor |
|
| 700 | 1 |
_aWojtaszczyk, Konstanty Adam _d(1952- ) _eRedakcja |
|
| 856 |
_uhttp://koha.tu.koszalin.pl/cgi-bin/koha/opac-detail.pl?biblionumber=46858 _yKatalog online BPK |
||
| 942 |
_2UKD _cKS |
||
| 999 |
_c46858 _d46858 |
||